Statystyki dla Państwa graniczące z Francją

Kliknij tutaj aby rozwiązać quiz!

Ogólne statystyki

  • Ten quiz został rozwiązany 523 razy
  • Średni wynik to 8 z 10

Statystyki odpowiedzi

DługośćPaństwo% Poprawnych
623 kmHiszpania
98%
451 kmNiemcy
97%
620 kmBelgia
94%
488 kmWłochy
92%
573 kmSzwajcaria
90%
73 kmLuksemburg
87%
57 kmAndora
85%
4 kmMonako
79%
673 kmBrazylia
63%
510 kmSurinam
53%

Rozkład punktacji

Percentyl według liczby udzielonych odpowiedzi

Procent ludzi z każdym wynikiem

Twoja historia wyników

Nie rozwiązałeś tego quizu